[Event "Rohde op 09th"]
[Site "Sautron"]
[Date "2009.10.26"]
[Round "4"]
[White "Martinez, Jean Philippe"]
[Black "Lagarde, Maxime"]
[Result "0-1"]
[WhiteElo "2084"]
[BlackElo "2398"]
[PlyCount "47"]
[EventDate "2009.10.24"]
[EventType "swiss"]
[EventRounds "9"]
[EventCountry "FRA"]
[SourceTitle "EXT 2010"]
[Source "ChessBase"]
[SourceDate "2010.11.25"]
[SourceVersion "1"]
[SourceVersionDate "2010.11.25"]
[SourceQuality "1"]

1. c4 c5 2. Nc3 Nf6 3. g3 d5 4. cxd5 Nxd5 5. Bg2 Nc7 6. Qb3 Nc6 7. Bxc6+ bxc6 8. Qa4 Qd7 9. Nf3 f6 10. 0-0 e5 11. d3 Nb5 12. Ne4 Nd4 13. Re1 Rb8 14. Nxd4 cxd4 15. Qc2 f5 16. Nd2 Bd6 17. Nc4 0-0 18. Bd2 Rb5 19. a4 Rd5 20. Rec1 Be7 21. Ne3 Rf6 22. b4 f4 23. Qd1 dxe3 24. Qb3 0-1

[Event "FRA-chT2 0910"]
[Site "France"]
[Date "2009.10.18"]
[Round "3.7"]
[White "Auvray, Simon"]
[Black "Martinez, Jean Philippe"]
[Result "0-1"]
[WhiteElo "2013"]
[BlackElo "2084"]
[PlyCount "70"]
[EventDate "2009.09.27"]
[EventType "team-tourn"]
[EventRounds "11"]
[EventCountry "FRA"]
[SourceTitle "EXT 2011"]
[Source "ChessBase"]
[SourceDate "2010.11.26"]
[SourceVersion "1"]
[SourceVersionDate "2010.11.26"]
[SourceQuality "1"]

1. e4 c5 2. Nf3 g6 3. c3 d5 4. exd5 Qxd5 5. d4 Bg7 6. dxc5 Qxc5 7. Be3 Qc7 8. Na3 a6 9. Nc4 Nd7 10. a4 b6 11. Bd4 Ngf6 12. Nfe5 0-0 13. Nxd7 Nxd7 14. Bxg7 Kxg7 15. Qd4+ Kg8 16. Be2 Bb7 17. 0-0 Nc5 18. b4 Rad8 19. Qe3 Nd7 20. Rfd1 Rfe8 21. Qg3 Rc8 22. Bg4 Qxg3 23. hxg3 Rxc4 24. Bxd7 Rd8 25. Rac1 Rc7 26. Bg4 Rxd1+ 27. Bxd1 Bd5 28. Be2 a5 29. bxa5 bxa5 30. Bb5 Bc4 31. f3 Rc5 32. Rb1 Kg7 33. Kf2 Kf6 34. Ke3 e5 35. Kd2 Ke6 0-1

[Event "FRA-chT2 West 0809"]
[Site "France"]
[Date "2009.04.05"]
[Round "11.1"]
[White "Martinez, Jean Philippe"]
[Black "Bergez, Luc"]
[Result "0-1"]
[WhiteElo "2076"]
[BlackElo "2361"]
[PlyCount "68"]
[EventDate "2008.10.19"]
[EventType "team-tourn"]
[EventRounds "11"]
[EventCountry "FRA"]
[SourceTitle "EXT 2010"]
[Source "ChessBase"]
[SourceDate "2010.11.25"]
[SourceVersion "1"]
[SourceVersionDate "2010.11.25"]
[SourceQuality "1"]
[WhiteTeam "Nantes II"]
[BlackTeam "Evry Grand Roque II"]
[WhiteTeamCountry "FRA"]
[BlackTeamCountry "FRA"]

1. Nf3 Nf6 2. c4 g6 3. b4 a5 4. b5 c5 5. bxc6 bxc6 6. g3 Bg7 7. Bb2 0-0 8. Bg2 Qb6 9. Qb3 Qa7 10. d4 Na6 11. Nbd2 Rb8 12. Qc3 c5 13. e3 Bb7 14. 0-0 Rfc8 15. Rab1 Nb4 16. a3 Ne4 17. Qc1 Nd3 18. Qc2 Nxb2 19. Rxb2 Nxd2 20. Qxd2 cxd4 21. exd4 Bxf3 22. Rxb8 Qxb8 23. Bxf3 Rxc4 24. Qxa5 Bxd4 25. Qd5 Qc7 26. Kg2 e6 27. Qa8+ Kg7 28. a4 Rc2 29. Qe8 Qa7 30. h4 Bxf2 31. Bd1 Rd2 32. h5 Bg1+ 33. Kh3 Rh2+ 34. Kg4 gxh5+ 0-1

[Event "FRA-chT2 West 0809"]
[Site "France"]
[Date "2009.03.15"]
[Round "9.1"]
[White "Martinez, Jean Philippe"]
[Black "Van Dongen, Patrick"]
[Result "1/2-1/2"]
[WhiteElo "2076"]
[BlackElo "2330"]
[PlyCount "26"]
[EventDate "2008.10.19"]
[EventType "team-tourn"]
[EventRounds "11"]
[EventCountry "FRA"]
[SourceTitle "EXT 2010"]
[Source "ChessBase"]
[SourceDate "2010.11.25"]
[SourceVersion "1"]
[SourceVersionDate "2010.11.25"]
[SourceQuality "1"]
[WhiteTeam "Nantes II"]
[BlackTeam "Le Chesnay"]
[WhiteTeamCountry "FRA"]
[BlackTeamCountry "FRA"]

1. Nf3 d5 2. c4 dxc4 3. e4 c5 4. Bxc4 Nc6 5. 0-0 e6 6. Nc3 a6 7. a4 Nge7 8. d3 Ng6 9. Be3 Qc7 10. Rc1 Bd6 11. Ne2 0-0 12. d4 Rd8 13. Ba2 cxd4 1/2-1/2

[Event "Gorges op 18th"]
[Site "Gorges"]
[Date "2008.07.??"]
[Round "6"]
[White "Colin, Vincent"]
[Black "Martinez, Jean Philippe"]
[Result "1-0"]
[WhiteElo "2408"]
[BlackElo "2066"]
[PlyCount "75"]
[EventDate "2008.07.??"]
[EventType "swiss"]
[EventRounds "7"]
[EventCountry "FRA"]
[SourceTitle "CBM 125 Extra"]
[Source "ChessBase"]
[SourceDate "2008.09.01"]
[SourceVersion "1"]
[SourceVersionDate "2008.09.01"]
[SourceQuality "1"]

1. c4 e6 2. d4 d5 3. Nc3 c6 4. Nf3 Nf6 5. Bg5 Nbd7 6. e3 Qa5 7. cxd5 Nxd5 8. Bd3 Bb4 9. 0-0 h6 10. Nxd5 exd5 11. Bf4 0-0 12. Nh4 Nf6 13. a3 Be7 14. Nf5 Bxf5 15. Bxf5 Qd8 16. Qb3 Qb6 17. Qc2 Qd8 18. Bg3 Ne8 19. f3 Nd6 20. Bh7+ Kh8 21. Bd3 Bh4 22. Be5 Bf6 23. Qc5 Bxe5 24. dxe5 Nc8 25. f4 Qe7 26. Qd4 Nb6 27. Bc2 Nd7 28. e4 dxe4 29. Qxe4 g6 30. b4 a5 31. Rae1 Rfe8 32. Qc4 axb4 33. axb4 b5 34. Qc3 Qe6 35. f5 Qc4 36. Qh3 Kg7 37. f6+ Kh7 38. Bxg6+ 1-0

[Event "Gorges op 18th"]
[Site "Gorges"]
[Date "2008.07.??"]
[Round "3"]
[White "Templier, Benoit"]
[Black "Martinez, Jean Philippe"]
[Result "0-1"]
[WhiteElo "1697"]
[BlackElo "2066"]
[PlyCount "76"]
[EventDate "2008.07.??"]
[EventType "swiss"]
[EventRounds "7"]
[EventCountry "FRA"]
[SourceTitle "CBM 125 Extra"]
[Source "ChessBase"]
[SourceDate "2008.09.01"]
[SourceVersion "1"]
[SourceVersionDate "2008.09.01"]
[SourceQuality "1"]

1. c4 e6 2. Nc3 d5 3. cxd5 exd5 4. d4 c6 5. Nf3 Bf5 6. e3 Nf6 7. a3 Bd6 8. b4 0-0 9. Be2 Nbd7 10. 0-0 Re8 11. b5 c5 12. dxc5 Nxc5 13. Nd4 Bg6 14. Bb2 Rc8 15. Nb3 Nce4 16. Nxe4 Bxe4 17. Nd4 Qe7 18. Bd3 Qe5 19. g3 Nd7 20. Bxe4 dxe4 21. Qe2 Qg5 22. Rfc1 Nc5 23. Rd1 Nd3 24. Nb3 Rcd8 25. a4 h5 26. Bd4 Bb8 27. Nd2 f5 28. Nf1 h4 29. Rxd3 exd3 30. Qxd3 hxg3 31. Nxg3 f4 32. exf4 Bxf4 33. Qb3+ Kh8 34. Bxa7 Rd6 35. a5 Rh6 36. Kg2 Qh4 37. Rh1 Qh3+ 38. Kf3 Rf6 0-1

[Event "Rohde op 06th"]
[Site "Sautron"]
[Date "2006.10.31"]
[Round "5"]
[White "Gerard, Nicolas"]
[Black "Martinez, Jean Philippe"]
[Result "1-0"]
[WhiteElo "2333"]
[BlackElo "2072"]
[PlyCount "45"]
[EventDate "2006.10.28"]
[EventType "swiss"]
[EventRounds "9"]
[EventCountry "FRA"]
[SourceTitle "EXT 2007"]
[Source "ChessBase"]
[SourceDate "2006.11.23"]
[SourceVersion "1"]
[SourceVersionDate "2006.11.23"]
[SourceQuality "1"]

1. d4 d5 2. c4 e6 3. Nc3 c6 4. e4 dxe4 5. Nxe4 Bb4+ 6. Bd2 Qxd4 7. Bxb4 Qxe4+ 8. Be2 Na6 9. Bd6 Qxg2 10. Qd2 Nf6 11. Bf3 Qg6 12. 0-0-0 Bd7 13. Be5 0-0-0 14. Ne2 Qf5 15. Qe3 Nb4 16. Nd4 Nxa2+ 17. Kd2 Be8 18. Ke2 Qh3 19. Nb5 Rxd1 20. Rxd1 Qxf3+ 21. Kxf3 cxb5 22. Qxa7 Bc6+ 23. Ke2 1-0

[Event "Rohde op 06th"]
[Site "Sautron"]
[Date "2006.10.28"]
[Round "1"]
[White "Bergez, Luc"]
[Black "Martinez, Jean Philippe"]
[Result "1-0"]
[WhiteElo "2395"]
[BlackElo "2072"]
[PlyCount "41"]
[EventDate "2006.10.28"]
[EventType "swiss"]
[EventRounds "9"]
[EventCountry "FRA"]
[SourceTitle "EXT 2007"]
[Source "ChessBase"]
[SourceDate "2006.11.23"]
[SourceVersion "1"]
[SourceVersionDate "2006.11.23"]
[SourceQuality "1"]

1. e4 c5 2. Nf3 Nc6 3. c3 d5 4. exd5 Qxd5 5. d4 cxd4 6. cxd4 e5 7. Nc3 Bb4 8. Be2 Nxd4 9. Bd2 Bxc3 10. Bxc3 Nxf3+ 11. Bxf3 Qxd1+ 12. Rxd1 f6 13. Ba5 Be6 14. Rc1 Ne7 15. Bxb7 Rb8 16. Rc7 Bc8 17. Bf3 g5 18. Rxa7 Rxb2 19. 0-0 g4 20. Be4 Rd2 21. Bxd2 1-0

[Event "FRA-chT2A 0506"]
[Site "France"]
[Date "2005.12.04"]
[Round "4.9"]
[White "Holin, Alexandra"]
[Black "Martinez, Jean Philippe"]
[Result "0-1"]
[WhiteElo "1800"]
[BlackElo "2069"]
[PlyCount "92"]
[EventDate "2005.10.27"]
[EventType "team-tourn"]
[EventRounds "11"]
[EventCountry "FRA"]
[SourceTitle "EXT 2006"]
[Source "ChessBase"]
[SourceDate "2005.11.24"]
[SourceVersion "1"]
[SourceVersionDate "2005.11.24"]
[SourceQuality "1"]
[WhiteTeam "Bois Colombes II"]
[BlackTeam "Nantes"]
[WhiteTeamCountry "FRA"]
[BlackTeamCountry "FRA"]

1. d4 d5 2. c4 e6 3. Nc3 c6 4. e3 f5 5. Nf3 Nf6 6. cxd5 exd5 7. Bd3 Bd6 8. Qc2 Ne4 9. Ne2 0-0 10. g3 Nd7 11. Bd2 Qe7 12. Rf1 Ndf6 13. h3 Bd7 14. 0-0-0 b6 15. Kb1 c5 16. Bc3 c4 17. Bxe4 fxe4 18. Nfg1 b5 19. Bd2 b4 20. g4 a5 21. Nf4 g5 22. Nfe2 a4 23. f4 h6 24. Ng3 a3 25. Nf5 Bxf5 26. gxf5 axb2 27. Ne2 Qa7 28. Qxb2 c3 29. Qb3 cxd2 30. fxg5 hxg5 31. Rxd2 Qa4 32. Rg1 Qxb3+ 33. axb3 Nh7 34. Ng3 Bxg3 35. Rxg3 Rxf5 36. Rdg2 Raf8 37. h4 Rf1+ 38. Kc2 R1f2+ 39. Kc1 Rxg2 40. Rxg2 Kg7 41. Kd1 Ra8 42. hxg5 Ra1+ 43. Ke2 Ra2+ 44. Kf1 Rxg2 45. Kxg2 Nxg5 46. Kg3 Kf6 0-1

[Event "FRA-chT2A 0506"]
[Site "France"]
[Date "2005.11.19"]
[Round "2.7"]
[White "Martinez, Jean Philippe"]
[Black "Aurin, Manuel"]
[Result "1-0"]
[WhiteElo "2069"]
[BlackElo "2030"]
[PlyCount "46"]
[EventDate "2005.10.27"]
[EventType "team-tourn"]
[EventRounds "11"]
[EventCountry "FRA"]
[SourceTitle "EXT 2006"]
[Source "ChessBase"]
[SourceDate "2005.11.24"]
[SourceVersion "1"]
[SourceVersionDate "2005.11.24"]
[SourceQuality "1"]
[WhiteTeam "Nantes"]
[BlackTeam "Rennes Paul Bert"]
[WhiteTeamCountry "FRA"]
[BlackTeamCountry "FRA"]

1. Nf3 e6 2. c4 d5 3. g3 Nf6 4. Bg2 c5 5. cxd5 exd5 6. 0-0 Be7 7. d4 Nc6 8. Be3 c4 9. Ne5 Qc7 10. Nc3 Be6 11. Qa4 0-0 12. Nxc6 bxc6 13. b3 c5 14. bxc4 cxd4 15. Bxd4 Rab8 16. Nxd5 Bxd5 17. cxd5 Rb4 18. Qxa7 Qxa7 19. Bxa7 Ra8 20. Be3 Rd8 21. Rfd1 Rb2 22. Bf3 Rb5 23. a4 Ra5 1-0

[Event "Gorges op 15th"]
[Site "Gorges"]
[Date "2005.07.??"]
[Round "4"]
[White "Martinez, Jean Philippe"]
[Black "Gerard, Nicolas"]
[Result "1/2-1/2"]
[WhiteElo "2063"]
[BlackElo "2295"]
[PlyCount "34"]
[EventDate "2005.07.??"]
[EventType "swiss"]
[EventRounds "7"]
[EventCountry "FRA"]
[SourceTitle "EXT 2006"]
[Source "ChessBase"]
[SourceDate "2005.11.24"]
[SourceVersion "1"]
[SourceVersionDate "2005.11.24"]
[SourceQuality "1"]

1. c4 e5 2. g3 Nc6 3. Bg2 f5 4. Nc3 Nf6 5. d3 Bb4 6. Bd2 0-0 7. a3 Bxc3 8. Bxc3 d6 9. Nh3 Qe8 10. Qd2 h6 11. 0-0-0 Rb8 12. f4 b5 13. fxe5 dxe5 14. Qe3 Bd7 15. Qc5 Rb6 16. Rhe1 Ng4 17. e3 Qe7 1/2-1/2

[Event "FRA-chT3 0405"]
[Site "France"]
[Date "2004.12.05"]
[Round "4"]
[White "Legrand, Gilbert"]
[Black "Martinez, Jean Philippe"]
[Result "1/2-1/2"]
[WhiteElo "1770"]
[BlackElo "2047"]
[PlyCount "97"]
[EventDate "2004.10.10"]
[EventType "team"]
[EventRounds "9"]
[EventCountry "FRA"]
[SourceTitle "EXT 2007"]
[Source "ChessBase"]
[SourceDate "2006.11.23"]
[SourceVersion "1"]
[SourceVersionDate "2006.11.23"]
[SourceQuality "1"]

1. d4 g6 2. Nf3 Bg7 3. Bf4 Nf6 4. h3 0-0 5. e3 c5 6. c3 b6 7. Nbd2 Bb7 8. Bd3 d6 9. Bc2 Ba6 10. Nb3 Nbd7 11. Nc1 Re8 12. Bh2 e5 13. Ne2 Qe7 14. 0-0 Rad8 15. Re1 Bb7 16. Ng3 e4 17. Nd2 d5 18. Ba4 Rf8 19. Bb5 a6 20. Be2 Ne8 21. Nb3 c4 22. Nd2 f5 23. Nh1 g5 24. f4 exf3 25. Bxf3 b5 26. g4 fxg4 27. Bxg4 Nef6 28. Bf3 Ne4 29. Bg2 Ndf6 30. Nxe4 Nxe4 31. Qe2 Rf7 32. Rf1 Rdf8 33. Rxf7 Rxf7 34. Rf1 Rxf1+ 35. Bxf1 Qf7 36. a3 Qf5 37. Ng3 Nxg3 38. Bxg3 h6 39. Bg2 Qb1+ 40. Kh2 Qf5 41. Bf3 Bc6 42. Bg4 Qe4 43. Qf2 Bb7 44. Bf5 Qe8 45. Bc2 Bc8 46. Qf3 Qe6 47. Bf2 Bf8 48. e4 dxe4 49. Bxe4 1/2-1/2

[Event "Rohde op 04th"]
[Site "Sautron "]
[Date "2004.10.27"]
[Round "5"]
[White "Libiszewski, Fabien"]
[Black "Martinez, Jean Philippe"]
[Result "1-0"]
[WhiteElo "2419"]
[BlackElo "2049"]
[PlyCount "47"]
[EventDate "2004.10.23"]
[EventType "swiss"]
[EventRounds "9"]
[EventCountry "FRA"]
[SourceTitle "EXT 2006"]
[Source "ChessBase"]
[SourceDate "2005.11.24"]
[SourceVersion "1"]
[SourceVersionDate "2005.11.24"]
[SourceQuality "1"]

1. e4 c5 2. Nf3 e6 3. d3 Nc6 4. g3 d6 5. c3 g6 6. Bg2 Bg7 7. 0-0 Nge7 8. Be3 0-0 9. a3 b6 10. Re1 Bb7 11. d4 cxd4 12. cxd4 d5 13. e5 Nf5 14. Bf4 h5 15. Bg5 Qd7 16. Nc3 Na5 17. h3 Ba6 18. g4 hxg4 19. hxg4 Ne7 20. Bf6 Rfc8 21. Ng5 Kf8 22. Qf3 Bxf6 23. Nh7+ Kg7 24. Qxf6+ 1-0

[Event "Rohde op 04th"]
[Site "Sautron "]
[Date "2004.10.23"]
[Round "1"]
[White "Zimmerman, Yuri"]
[Black "Martinez, Jean Philippe"]
[Result "1-0"]
[WhiteElo "2365"]
[BlackElo "2047"]
[PlyCount "77"]
[EventDate "2004.10.23"]
[EventType "swiss"]
[EventRounds "9"]
[EventCountry "FRA"]
[SourceTitle "EXT 2006"]
[Source "ChessBase"]
[SourceDate "2005.11.24"]
[SourceVersion "1"]
[SourceVersionDate "2005.11.24"]
[SourceQuality "1"]

1. d4 Nf6 2. c4 c5 3. d5 e6 4. Nc3 exd5 5. cxd5 d6 6. e4 g6 7. h3 Bg7 8. Nf3 0-0 9. Bd3 Nh5 10. Bg5 Bf6 11. Be3 Nd7 12. 0-0 Ne5 13. Be2 Nxf3+ 14. Bxf3 Ng7 15. Qd2 Be5 16. Bf4 Qe7 17. Rfe1 Bd7 18. Be2 f6 19. a4 g5 20. Be3 Qf7 21. g4 Qg6 22. f3 h5 23. Kg2 Kf7 24. Bb5 Bxb5 25. axb5 Rh8 26. Rh1 Ke7 27. Ne2 hxg4 28. hxg4 Rh6 29. Rxh6 Qxh6 30. Rh1 Qg6 31. Bf2 a5 32. bxa6 Rxa6 33. Bg3 Ra4 34. Bxe5 fxe5 35. Rh8 Ne8 36. Ng3 Qf6 37. Qc2 Ra1 38. Rh7+ Kf8 39. Nf5 1-0